Logo BPK

Biblioteka

Politechniki Koszalińskiej

Listening in action : (Rekord nr 48069)

Szczegóły MARC
000 -ETYKIETA REKORDU
podpole kontrolne o stałej długości 01034nam a2200253 i 4500
001 - NUMER KONTROLNY REKORDU
pole kontrolne bgj
020 ## - MIĘDZYNARODOWY ZNORMALIZOWANY NUMER KSIĄŻKI - ISBN
ISBN 0135387787 (pbk)
040 ## - ŹRÓDŁO KATALOGOWANIA
Instytucja, która utworzyła rekord BPK
041 0# - KOD JĘZYKA
Kod języka tekstu eng
920 ## - Międzynarodowy znormalizowany numer książki – ISBN
ISBN 0-13-538778-7 (pbk)
008 - POLE O STAŁEJ DŁUGOŚCI - DANE KONTROLNE
podpole kontrolne o stałej długości s uk f |000 0 eng
100 1# - NAZWA OSOBOWA
Nazwa osobowa ROST, Michael.
245 10 - TYTUŁ/ODPOWIEDZIALNOŚĆ
Tytuł Listening in action :
Ciąg dalszy tytułu activities for developing listening in language teaching /
Pozostałe elementy strefy tytułu i oznaczenia odpowiedzialności Michael Rost.
260 ## - STREFA ADRESU WYDAWNICZEGO
Miejsce wydania New York ;
-- London :
Nazwa wydawcy/dystrybutora Prentice Hall Intenational,
Data publikacji, dystrybucji/powstania dokumentu 1991.
300 ## - STREFA OPISU FIZYCZNEGO
Objętość [XI], 162 pp ;
Rozmiary 24 cm.
490 1# - STREFA SERII I DOKUMENTU WIELOCZĘŚCIOWEGO - FORMA NIE DO WYSZUKIWANIA
Tytuł i oznaczenie odpowiedzialności serii Language Teaching Methodology Series / Christopher N. Candlin, general editor. Classroom Techniques and Resources
505 ## - SFORMALIZOWANA UWAGA DOTYCZĄCA ZAWARTOŚCI
Pełny tekst uwagi Includes index.
650 #9 - HASŁO PRZEDMIOTOWE W FORMIE NAZWY OGÓLNEJ LUB JEDNOSTKOWEJ
Nazwa ogólna lub geograficzna English language
Określnik ogólny Study and teaching
-- Foreign speakers
650 #9 - HASŁO PRZEDMIOTOWE W FORMIE NAZWY OGÓLNEJ LUB JEDNOSTKOWEJ
Nazwa ogólna lub geograficzna Activity programmes in education
Określnik ogólny Listening
650 #9 - HASŁO PRZEDMIOTOWE W FORMIE NAZWY OGÓLNEJ LUB JEDNOSTKOWEJ
Nazwa ogólna lub geograficzna Listening
Określnik ogólny Study and teaching
700 1# - HASŁO DODATKOWE - NAZWA OSOBOWA
Nazwa osobowa CANDLIN, Christopher N.
Określenie związku między hasłem a opisywanym materiałem general editor
830 #0 - HASŁO DODATKOWE SERII LUB DOKUMENTU WIELOCZĘŚCIOWEGO - TYTUŁ UJEDNOLICONY
Tytuł ujednolicony Language Teaching Methodology Series (Christopher N. Candlin, general editor).
Nazwa części/sekcji dzieła Classroom Techniques and Resources
856 ## - LOKALIZACJA I DOSTĘP DO ELEKTRONICZNYCH DOKUMENTÓW ZDALNYCH
Link (URL) http://koha.tu.koszalin.pl/cgi-bin/koha/opac-detail.pl?biblionumber=48069
Tekst linku Katalog online BPK
942 ## - DODATKOWE ELEMENTY (KOHA)
Typ dokumentu Książka
Egzemplarze
Wycofany Status egzemplarza Uszkodzony Dostępność Lokalizacja stała Lokalizacja bieżąca Miejsce przechowywania Sygnatura Kod kreskowy Typ dokumentu
      Tylko na miejscu Biblioteka Politechniki Koszalińskiej Biblioteka Politechniki Koszalińskiej Czytelnia Wydziałowa ul. Kwiatkowskiego 6e KA 5043 09003903 Książka
      Dostępny Biblioteka Politechniki Koszalińskiej Biblioteka Politechniki Koszalińskiej Wypożyczalnia Językowa KA 5044 09003804 Książka
© 2023 Biblioteka Politechniki Koszalińskiej :: KOHA